Avid editing : a guide for beginning and intermediate users / (Record no. 1587)

000 -LEADER
fixed length control field 01065cam a2200325 a 4500
001 - CONTROL NUMBER
control field 17244994
003 - CONTROL NUMBER IDENTIFIER
control field OSt
005 - DATE AND TIME OF LATEST TRANSACTION
control field 20150325170335.0
008 - FIXED-LENGTH DATA ELEMENTS--GENERAL INFORMATION
fixed length control field 120406s2012 ne a 001 0 eng
010 ## - LIBRARY OF CONGRESS CONTROL NUMBER
LC control number 2012009719
020 ## - INTERNATIONAL STANDARD BOOK NUMBER
International Standard Book Number 9780240818566 (pbk.)
040 ## - CATALOGING SOURCE
Original cataloging agency DLC
Transcribing agency DLC
Modifying agency DLC
042 ## - AUTHENTICATION CODE
Authentication code pcc
050 00 - LIBRARY OF CONGRESS CALL NUMBER
Classification number TR899.K38 2012
082 00 - DEWEY DECIMAL CLASSIFICATION NUMBER
Classification number 777/.55
Edition number 23
100 1# - MAIN ENTRY--PERSONAL NAME
Personal name Kauffmann, Sam.
245 10 - TITLE STATEMENT
Title Avid editing : a guide for beginning and intermediate users /
Statement of responsibility, etc Sam Kauffmann and Ashley Kennedy.
250 ## - EDITION STATEMENT
Edition statement 5th ed.
260 ## - PUBLICATION, DISTRIBUTION, ETC. (IMPRINT)
Place of publication, distribution, etc Amsterdam ;
-- Boston :
Name of publisher, distributor, etc Focal Press,
Date of publication, distribution, etc c2012.
300 ## - PHYSICAL DESCRIPTION
Extent xxiii, 456 p. :
Other physical details ill ;
Dimensions 24 cm. +
Accompanying material 1 DVD (4 3/4 in.)
500 ## - GENERAL NOTE
General note Includes index.
630 00 - SUBJECT ADDED ENTRY--UNIFORM TITLE
Uniform title Avid Xpress.
630 00 - SUBJECT ADDED ENTRY--UNIFORM TITLE
Uniform title Media composer.
650 #0 - SUBJECT ADDED ENTRY--TOPICAL TERM
Topical term or geographic name as entry element Video tapes
General subdivision Editing
-- Data processing.
650 #0 - SUBJECT ADDED ENTRY--TOPICAL TERM
Topical term or geographic name as entry element Motion pictures
General subdivision Editing
-- Data processing.
700 1# - ADDED ENTRY--PERSONAL NAME
Personal name Kennedy, Ashley.
906 ## - LOCAL DATA ELEMENT F, LDF (RLIN)
a 7
b cbc
c orignew
d 1
e ecip
f 20
g y-gencatlg
942 ## - ADDED ENTRY ELEMENTS (KOHA)
Source of classification or shelving scheme
Koha item type Book
Holdings
Withdrawn status Lost status Source of classification or shelving scheme Damaged status Not for loan Home library Current library Shelving location Date acquired Total Checkouts Total Renewals Full call number Barcode Date last seen Date checked out Copy number Price effective from Koha item type
          Riara University Library Riara University Library General stack 25/03/2015 1 1 TR899.K38 2012 5436/15 08/01/2018 21/09/2017 C.1 25/03/2015 Book
          Riara University Library Riara University Library General stack 25/03/2015     TR899.K38 2012 5437/15 25/03/2015   C.2 25/03/2015 Book
          Riara University Library Riara University Library General stack 25/03/2015     TR899.K38 2012 5438/15 25/03/2015   C.3 25/03/2015 Book

Riara University Library,
P.O. Box 49940-00100,
Nairobi, Kenya.